=LDR 00000nam 2200000 4500 =001 INLIS000000000023008 =005 20130612121715 =008 ***********************************Ind** =035 ##$$0010-061300000023008 =041 ##$$a Ind =082 ##$$a 811 =090 ##$$a 811, Uta-b =100 ##$$a Utamai, Nurul Fitri =245 ##$$a Bila kita menjadi satu, Nurul Fitri Utami =260 ##$$a 2005 $b Jakarta =300 ##$$a vii,71 hlm., 16 cm =650 ##$$a Sastra Indonesia =850 ##$$a NBPNMAT